| 000 | 00000nam##2200000za#4500 |
| 001 | 9.675631 |
| 003 | CaOODSP |
| 005 | 20210624225346 |
| 007 | cr ||||||||||| |
| 008 | 150407|2000||||xxc|||||o f|0| 0 eng|d |
| 040 | |aCaOODSP|beng |
| 041 | |aeng |
| 041 | |afre |
| 043 | |an-cn--- |
| 086 | 1 |aM92-205/2000-PDF |
| 110 | 1 |aCanada.|bNatural Resources Canada. |bOffice of Energy Efficiency. |
| 245 | 10|aAll about driving smarter : |h[electronic resource]|bEnerGuide for vehicles and Auto$mart |
| 246 | 1 |iVariant title : |aEnerGuide for vehicles and Auto$smart |
| 260 | |bNatural Resources Canada. |cc2000. |
| 300 | |a2p.|bcoloured illus., photographs |
| 500 | |aFrench text follows English text. The catalogue number (M92-205/2000) and ISBN (0-662-65322-X) for the bilingual print edition have been incorrectly copied in this electronic publication. |
| 590 | |a12-15-Supp|b2012-04-13 |
| 690 | 07|aDriving|2gcpds |
| 690 | 07|aEnergy efficiency|2gcpds |
| 792 | |tTout sur le bon sens au volant : |efre|w(CaOODSP)9.675632 |
| 856 | 40|ahttp://publications.gc.ca|qPDF|s1.02 MB|uhttps://publications.gc.ca/collections/Collection/M92-205-2000E.pdf |